000 00609nam a2200217Ia 4500
005 20251020182455.0
008 200515s9999 xx 000 0 und d
082 _a624.037.19/I59
110 _aInstituto de la Construcción y Gerencia
245 0 _aVIVIENDAS y Sistemas Constructivos. 1 er Foro Nacional VIVIENDA, Sistemas Constructivos y Materiales
260 _aLima
260 _bICG
260 _cs.a.
300 _a100 p.
300 _bil., tbl., graf.
500 _a1 ejemplar
650 _aEDIFICACIONES
650 _aSISTEMAS DE CONSTRUCCION DE VIVIENDAS
942 _cLIB
999 _c996
_d996